Most Populated Counties of Ontario - Statistics

General Stats
  • This quiz has been taken 79 times
  • The average score is 15 of 27
Answer Stats
Population Census Division Type % Correct
2,731,571 Toronto City
98%
934,243 Ottawa City
95%
1,381,739 Peel Regional Municipality
90%
1,109,909 York Regional Municipality
85%
536,917 Hamilton City
78%
645,862 Durham Regional Municipality
72%
535,154 Waterloo Regional Municipality
72%
161,647 Sudbury City
65%
447,888 Niagara Regional Municipality
63%
479,650 Simcoe County
63%
398,953 Essex County
62%
548,435 Halton Regional Municipality
60%
455,526 Middlesex County
57%
102,042 Chatham-Kent Single-Tier Municipality
52%
146,048 Thunder Bay District
52%
134,808 Brant County
45%
138,236 Peterborough County
45%
109,787 Haldimand-Norfolk Single-Tier Municipality
42%
150,475 Frontenac County
40%
110,862 Oxford County
40%
222,726 Wellington County
40%
126,638 Lambton County
35%
100,546 Leeds, Grenville United Counties
33%
114,094 Algoma District
30%
113,429 Stormont, Dundas, Glengarry United Counties
30%
136,445 Hastings County
25%
102,394 Renfrew County
23%
No matching quizzes found
Score Distribution
Percent of People with Each Score
Percentile by Number Answered
Your Score History
You have not taken this quiz